Long 'oo' sound Quiz Stats

 Plays Quiz not verified by Sporcle

Challenge
Share
Tweet
Embed
Score 0/58 Timer 10:00
0 Plays Today
Clue Answer % Correct
A cow says.moo
86.9%
Nike says: Just __ it. Tiger really takes that advice to heart.do
86.4%
This number is just as lonely as one according to The Beatles.two
86.4%
An enemy's name in the Mario games or what someone says to scare you.boo
85.4%
Winnie the ____.Pooh
85.4%
Quintessentially, Eskimos live in these.igloo
85.4%
Ok Disney fans: 'When ___ wish upon a star, it makes no difference who ___ are'.you
85%
Past tense of know.knew
84.5%
When I was a toddler, I ____ a lot of temper tantrums.threw
84.5%
The famous first line of Hamlet's soliloquy uses this small word twice. to
84%
The name of a board game where one attempts to solve a murder mystery or a word for hint.Clue
83%
Past tense of grow.grew
83%
This is the sound a train makes according to a kid.choo
83%
Fly, don't bother me.shoo
81.6%
H1N1, the Avian, Bird, and Swine are all types of this.flu
81.6%
Little Boy Blue DID this to his horn.blew
81.6%
Marvin Gaye heard it ______ the grapevine and Madonna made it ______ the wilderness.through
81.1%
A baby might say the rest of the title of this band's name that ends in Dolls.Goo Goo
80.6%
The sound of a sneeze.achoo
80.1%
Another descriptive word for Elvis' 'Suede Shoes'.blue
79.1%
A synthetic animal environment. San Diego has one, so does LA. (And many more.)zoo
78.6%
People thought the yellow #5 in Mountain ___ lowered your sperm count.Dew
77.7%
The most popular type of this is probably beef. It's like a soup but people usually use a crock pot to make it.stew
77.7%
A large amount or the past tense of slay.slew
77.2%
Type of water craft Pocahontas might have used.canoe
76.2%
This short word is used for disgust.ew
75.7%
A vague number of Good Men.A Few
75.2%
A hooligan or an alternative to google.yahoo
74.3%
Turn over this type of leaf or start this type of ball game.new
73.8%
Clue Answer % Correct
Hefner's Christian name.Hugh
73.3%
Males of this animal are called bucks, boomers, or jacks while females are does, flyers, or jills. The kids, of course, are joeys.kangaroo
73.3%
To masticate or, as a noun, a tobacco product.chew
72.3%
A characteristic of color.hue
71.4%
In addition to.too
71.4%
When sampling the population, we use the Gallop Poll and this Research center. Alternately, sit on this in church.pew
70.9%
An utterance of relief, astonishment, exhaustion. (Any, not all will be correct.)whew
70.4%
The pool 'stick' is also called this.cue
69.4%
Ballerina's wear this.tutu
68.9%
A synonym for beer.brew
68.4%
A semi-circular type of nut.cashew
68%
A british bathroom. Not a water closet.loo
67.5%
Something assignments are, eventually.due
66.5%
A popular belief is that horses go to this type of factory when they die.glue
66%
Johnny Cash sang of a boy named this but you want to avoid this litigious action.Sue
64.1%
Singluar for kicks or bapes or of Liam Sullivan's viral video in which he shops for these.shoe
63.6%
This substance, interestingly enough, is a surfactant. Much like soap, this substance removes oil from your hair.shampoo
63.1%
Finish this phrase for a sudden decisive action in politics: '____ d'é⋅tat'.coup
58.3%
A pokemon (as if that's not easy enough, he's #151). If you don't know, ask your cat.mew
57.8%
When lead singer of this band was a young boy, he played the silver ball. From Soho down to Brighton, he must have played them all.The Who
56.8%
A collegiate sport with boats, oars, and a small person.crew
55.3%
A cuckold is a married man with an adulterous wife. The term was derived from this type of bird that lays its eggs in another bird's nest. cuckoo
53.4%
Napolean's downwfall.Waterloo
52.4%
A female four-legged barn yard animal.ewe
51%
British word for line.queue
50%
A catty talk show.The View
45.6%
I don't practice Santeria but I do practice this other Africa nsyncretic religion.Voodoo
42.2%
According to Black's Law dictionary, to establish is to create ____.anew
36.9%
Seven Jeans and this desirable type of Religion are two brands that The Black Eyed Peas sang of in My Humps.True
32.5%

You're not logged in!

Compare scores with friends on all Sporcle quizzes.
Join for Free
OR
Log In

You Might Also Like...

Show Comments

Extras

Created Dec 19, 2009ReportNominate
Tags:long, sound

Top Quizzes Today


Score Distribution

Your Account Isn't Verified!

In order to create a playlist on Sporcle, you need to verify the email address you used during registration. Go to your Sporcle Settings to finish the process.

Report this User

Report this user for behavior that violates our Community Guidelines.

Details: